Postwar architecture between Italy and the UK exchanges and transcultural influences.

Postwar Architecture Between Italy and the UK explores the intellectual exchange between architects, urbanists and architectural historians in the two countries during the 1940s to 1970s, and its legacy.

Bibliographic Details
Corporate Author: JSTOR (Organization)
Format: eBook
Language:English
Published: London : UCL PRESS, 2021.
Subjects:
Online Access:Connect to the full text of this electronic book

MARC

Tag First Indicator Second Indicator Subfields
LEADER 00000cam a2200000M 4500
001 in00004635982
006 m o d
007 cr cnu---unuuu
008 210910s2021 enk o 0|| 0 eng d
005 20230103223604.6
035 |a (OCoLC)on1267687151 
040 |a YDX  |b eng  |c YDX  |d JSTOR  |d EBLCP  |d UKAHL  |d OCLCF  |d N$T  |d UKMGB  |d OCLCO 
015 |a GBC1D3578  |2 bnb 
016 7 |a 020291912  |2 Uk 
019 |a 1267766431  |a 1303871476  |a 1304293571 
020 |a 9781800080867  |q (electronic bk.) 
020 |a 1800080867  |q (electronic bk.) 
020 |a 9781800080836  |q (electronic bk.) 
020 |a 1800080832  |q (electronic bk.) 
020 |z 1800080859 
020 |z 9781800080850 
020 |z 1800080840 
020 |z 9781800080843 
020 |a 9781800080874  |q (Kindle ebook) 
020 |a 1800080875 
035 |a (OCoLC)1267687151  |z (OCoLC)1267766431  |z (OCoLC)1303871476  |z (OCoLC)1304293571 
037 |a NBNi-0001-9781800080867  |b Ingram Content Group 
043 |a e-uk--- 
050 4 |a NA958 
082 0 4 |a 724.6  |2 23 
049 |a TXAM 
245 0 0 |a Postwar architecture between Italy and the UK  |b exchanges and transcultural influences. 
260 |a London :  |b UCL PRESS,  |c 2021. 
300 |a 1 online resource 
336 |a text  |b txt  |2 rdacontent 
337 |a computer  |b c  |2 rdamedia 
338 |a online resource  |b cr  |2 rdacarrier 
505 0 |a Intro -- Title -- Copyright -- Contents -- List of Figures -- List of Contributors -- 1 Editors' Note -- 2 The Complexity of Cultural Exchange: Anglo-Italian Relations in Architecture between Transnational Interactions and National Narratives -- 3 On the Wave of the Welfare State: Anglo-Italian Town-Planning Strategies in the Post-War Years -- Part I: Personae and Debates -- 4 Banham's Italy -- 5 From Neoliberty to Postmodernism -- 6 Franco Albini and Leslie Martin: 'A Parallel Working Life' -- 7 Superstudio, The Sign and The Problem of Architectural Education 
505 8 |a Part II: Designing the Post-War City -- 8 Reweaving the City: The CIAM Summer Schools from London to Venice (1949-57) -- 9 The Influence of Patrick Geddes in Post-War Italy through Jaqueline Tyrwhitt and Giancarlo De Carlo -- 10 Domenico Andriello and The 'Città Dell'uomo' -- 11 From Futurism to 'Town-Room': Hodgkinson, the Brunswick and The Low-Rise/High-Density Principle -- Part III: Building the Welfare State -- 12 A Janus-Faced Approach to the New Universities of the 1960s: Monumentality and Pedagogy at Sussex and Essex 
505 8 |a 13 Italy Assessing the UK Assessing Italy: A Battle of Perspectives on Cities and Learning -- 14 The Jewel of the Triennale: Dialogues between Italy and the UK around a School -- 15 Post-War British Church Architecture and the Italian Model -- Index -- Back Cover 
520 |a Postwar Architecture Between Italy and the UK explores the intellectual exchange between architects, urbanists and architectural historians in the two countries during the 1940s to 1970s, and its legacy. 
588 0 |a Print version record. 
504 |a Includes bibliographical references and index. 
650 0 |a Architecture  |z Great Britain  |x History  |y 20th century. 
650 0 |a Architecture  |z Italy  |x History  |y 20th century. 
651 0 |a Great Britain  |x Relations  |z Italy. 
651 0 |a Italy  |x Relations  |z Great Britain. 
650 6 |a Architecture  |z Grande-Bretagne  |x Histoire  |y 20e siècle. 
650 6 |a Architecture  |z Italie  |x Histoire  |y 20e siècle. 
650 7 |a Architecture.  |2 fast  |0 (OCoLC)fst00813346 
650 7 |a International relations.  |2 fast  |0 (OCoLC)fst00977053 
651 7 |a Great Britain.  |2 fast  |0 (OCoLC)fst01204623 
651 7 |a Italy.  |2 fast  |0 (OCoLC)fst01204565 
648 7 |a 1900-1999  |2 fast 
655 7 |a Electronic books.  |2 local 
655 7 |a History.  |2 fast  |0 (OCoLC)fst01411628 
710 2 |a JSTOR (Organization) 
776 0 8 |i Print version:  |t Postwar architecture between Italy and the UK.  |d London : UCL PRESS, 2021  |z 9781800080867  |w (OCoLC)1248690417 
856 4 0 |u https://www.jstor.org/stable/10.2307/j.ctv1kwxfmg  |z Connect to the full text of this electronic book  |t 0 
955 |a JSTOR Open Access ebooks 
994 |a 92  |b TXA 
999 f f |s 736ae09d-044c-4a78-82d9-1e50b70b3d1e  |i f4077fd1-61ec-4340-9ead-081691f34902  |t 0 
952 f f |a Texas A&M University  |b College Station  |c Electronic Resources  |d Available Online  |t 0  |e NA958   |h Library of Congress classification 
998 f f |a NA958   |t 0  |l Available Online